First aid to the injured (Record no. 5953)
[ view plain ]
| 000 -LEADER | |
|---|---|
| fixed length control field | 00336cam a2200133ua 4500 |
| 003 - CONTROL NUMBER IDENTIFIER | |
| control field | OSt |
| 008 - FIXED-LENGTH DATA ELEMENTS--GENERAL INFORMATION | |
| fixed length control field | 210122b ||||| |||| 00| 0 eng d |
| 082 ## - DEWEY DECIMAL CLASSIFICATION NUMBER | |
| Classification number | 616.0252 |
| Item number | JAA/FI |
| 245 ## - TITLE STATEMENT | |
| Title | First aid to the injured |
| 250 ## - EDITION STATEMENT | |
| Edition statement | 1 / |
| 260 ## - PUBLICATION, DISTRIBUTION, ETC. (IMPRINT) | |
| Place of publication | New Delhi : |
| Name of publisher | The St. Johns Ambulance Association , |
| Year of publication | 1963. |
| 300 ## - PHYSICAL DESCRIPTION | |
| Number of Pages | 237 ; . |
| 942 ## - ADDED ENTRY ELEMENTS (KOHA) | |
| Koha item type | Books |
| Withdrawn status | Lost status | Damaged status | Home library | Current library | Date acquired | Full call number | Accession Number | Koha item type |
|---|---|---|---|---|---|---|---|---|
| KAUAET | KAUAET | 07/04/2012 | 616.0252 | 3310 | Books | |||
| KAUAET | KAUAET | 07/04/2012 | 616.0252 | 3319 | Books | |||
| Withdrawn | KAUAET | Sanskrit University | 07/04/2012 | 616.0252 | 3313 | Books | ||
| Withdrawn | KAUAET | Sanskrit University | 07/04/2012 | 616.0252 | 3316 | Books | ||
| Withdrawn | KAUAET | Sanskrit University | 07/04/2012 | 616.0252 | 3318 | Books |
